000
00249nam a22000857a 4500
008
160716b xxu||||| |||| 00| 0 eng d
100
_9
2954
_a
Wickramasinghe, N
245
_a
Baby Blue Whale's Birthday Party
260
_a
New Delhi
_b
Orient Publication
_c
2003
999
_c
2518
_d
2518